000 00290nam a2200121Ia 4500
008 191201s2012 xx 000 0 und d
100 _aMARTIN, Keith M.
245 0 _aEveryday Cryptography
260 _bOxford University Press
_c2012
300 _a530
650 _aMCA
942 _2ddc
_cBK
_02
999 _c7058
_d7058